Odpisovanie a vyraďovanie dlhodobého hmotného majetku a ich účtovné zobrazenie bakalárska práca

Salvato in:
Dettagli Bibliografici
Autore principale: Hlavinová, Helena
Ente Autore: Fakulta hospodárskej informatiky EU. Katedra účtovníctva a audítorstva
Altri autori: Kastlerová, Sylvia
Natura: Libro
Lingua:slovacco
Pubblicazione: Bratislava 2010
Tags: Aggiungi Tag
Nessun Tag, puoi essere il primo ad aggiungerne!!

MARC

LEADER 00000nam$a2200000$$$4500
001 0136955
005 20240320072818.9
041 0 |a slo 
044 |a SK 
245 1 0 |a Odpisovanie a vyraďovanie dlhodobého hmotného majetku a ich účtovné zobrazenie  |b bakalárska práca  |c Helena Hlavinová ; školiteľ: Sylvia Kastlerová 
264 1 |a Bratislava  |c 2010 
300 |a 49 s. 
100 1 |a Hlavinová, Helena 
700 1 |a Kastlerová, Sylvia 
710 2 |a Fakulta hospodárskej informatiky EU. Katedra účtovníctva a audítorstva